[Event "Wattens op 14th"]
[White "Neuschmied, Siegfried"]
[Black "Ampferer, Michael"]
[Site "Wattens"]
[Round "3"]
[Result "1-0"]
[Date "1999.??.??"]
[WhiteElo "2165"]
[BlackElo "1815"]
[PlyCount "123"]
[EventDate "1999.??.??"]
[EventType "swiss"]
[EventRounds "9"]
[EventCountry "AUT"]
[SourceTitle "EXT 2001"]
[Source "ChessBase"]
[SourceDate "2000.11.22"]
[SourceVersion "1"]
[SourceVersionDate "2000.11.22"]
[SourceQuality "1"]

1. e4 e5 2. Nf3 Nc6 3. Bb5 d6 4. c3 Bd7 5. 0-0 Nf6 6. Re1 Be7 7. h3 0-0 8. d4 Re8 9. d5 Nb8 10. Bd3 c6 11. c4 Na6 12. Nc3 Rc8 13. Bf1 Rc7 14. Bd2 Qc8 15. Rc1 h6 16. Be3 b6 17. Qd2 Bf8 18. Bd3 Nh7 19. dxc6 Rxc6 20. Nb5 Qb8 21. Nh4 Qd8 22. Nf5 Bxf5 23. exf5 Qd7 24. f3 Rec8 25. b3 d5 26. Be4 Bb4 27. Qxd5 Qe7 28. Nc3 Nc5 29. Qd1 Rd6 30. Qe2 Qh4 31. Bf2 Qg5 32. Bb1 Re8 33. Be3 Qd8 34. Nb5 Rd7 35. Red1 a6 36. Rxd7 Nxd7 37. Nc3 Nhf6 38. Bf2 Nc5 39. Rd1 Qc7 40. Nd5 Nxd5 41. Rxd5 Qe7 42. g4 Qg5 43. Qe3 Qf6 44. Qe2 a5 45. Qb2 Nb7 46. Be4 Bc5 47. Kg2 g6 48. fxg6 fxg6 49. Bg3 Bd6 50. Qd2 h5 51. Rd3 Bb4 52. Qh6 Nc5 53. Bd5+ Ne6 54. gxh5 Re7 55. Qxg6+ Qxg6 56. hxg6 Kg7 57. Bxe5+ Kxg6 58. Be4+ Kg5 59. Bd5 Nf4+ 60. Bxf4+ Kxf4 61. Rd4+ Kf5 62. Be4+ 1-0

[Event "Wattens op 11th"]
[White "Ampferer, Michael"]
[Black "Haidacher, Karl"]
[Site "Wattens"]
[Round "8"]
[Result "1-0"]
[Date "1996.??.??"]
[WhiteElo "1805"]
[BlackElo "1960"]
[PlyCount "81"]
[EventDate "1996.??.??"]
[EventType "swiss"]
[EventRounds "9"]
[EventCountry "AUT"]
[SourceTitle "EXT 2000"]
[Source "ChessBase"]
[SourceDate "1999.11.16"]
[SourceVersion "1"]
[SourceVersionDate "1999.11.16"]
[SourceQuality "1"]

1. d4 d5 2. Nf3 Nf6 3. c4 dxc4 4. Nc3 c5 5. d5 e6 6. e4 Be7 7. Bxc4 exd5 8. Bxd5 0-0 9. 0-0 Na6 10. Bc4 Nb4 11. a3 Nc6 12. Qxd8 Rxd8 13. Ng5 Ne5 14. Ba2 c4 15. f4 Bc5+ 16. Kh1 Nd3 17. h3 h6 18. e5 Nh5 19. Nge4 Nxc1 20. Raxc1 Be3 21. Rcd1 Bf5 22. Bxc4 Bxf4 23. g4 Bxe4+ 24. Nxe4 Ng3+ 25. Nxg3 Bxg3 26. Bxf7+ Kf8 27. Bd5+ Ke8 28. Bxb7 Rab8 29. Bc6+ Ke7 30. b4 Bxe5 31. b5 Rd4 32. Rde1 Kd6 33. Rf7 Ra4 34. Rd7+ Ke6 35. Rd5 Rxa3 36. Rexe5+ Kf6 37. Rf5+ Kg6 38. Kg2 a6 39. Rd6+ Kh7 40. Be4 Re8 41. Re5+ 1-0

[Event "Wattens op 11th"]
[White "Schett, Franz"]
[Black "Ampferer, Michael"]
[Site "Wattens"]
[Round "7"]
[Result "0-1"]
[Date "1996.??.??"]
[WhiteElo "1615"]
[BlackElo "1805"]
[PlyCount "100"]
[EventDate "1996.??.??"]
[EventType "swiss"]
[EventRounds "9"]
[EventCountry "AUT"]
[SourceTitle "EXT 2000"]
[Source "ChessBase"]
[SourceDate "1999.11.16"]
[SourceVersion "1"]
[SourceVersionDate "1999.11.16"]
[SourceQuality "1"]

1. e4 e5 2. Nf3 Nc6 3. d4 exd4 4. Nxd4 Qe7 5. Nc3 Nxd4 6. Qxd4 c6 7. Be2 Qf6 8. e5 Qg6 9. 0-0 Ne7 10. Bd3 Qe6 11. Bf4 Ng6 12. Bg3 b6 13. Ne4 Bb7 14. Qc3 0-0-0 15. Bc4 d5 16. exd6 Qxe4 17. Rfe1 Qf5 18. Bd3 Qf6 19. Qxf6 gxf6 20. Bf5+ Kb8 21. d7+ Ne5 22. Rad1 Bg7 23. b4 Ba6 24. Rd4 Kc7 25. a4 h5 26. c4 Rhg8 27. b5 c5 28. Rh4 Bb7 29. Rxh5 Bf8 30. Rh7 Bd6 31. Rd1 Rdf8 32. Rh4 Rg7 33. Kf1 Rfg8 34. Bh3 a6 35. f3 axb5 36. axb5 Ra8 37. Ke1 Rxg3 38. hxg3 Nxf3+ 39. gxf3 Bxg3+ 40. Ke2 Bxh4 41. Rd3 Kd8 42. Re3 Ra2+ 43. Kd1 f5 44. Bxf5 Be7 45. Bg4 Ra4 46. Rc3 Bf6 47. Rc2 Ra3 48. Ke2 Bd4 49. Bh5 f6 50. f4 Be4 0-1

[Event "Wattens op 10th"]
[White "Ampferer, Michael"]
[Black "Gruber, Michael"]
[Site "Wattens"]
[Round "?"]
[Result "1-0"]
[Date "1995.??.??"]
[WhiteElo "1865"]
[BlackElo "1650"]
[PlyCount "59"]
[EventDate "1995.??.??"]
[EventType "swiss"]
[EventRounds "9"]
[EventCountry "AUT"]
[SourceTitle "EXT 2000"]
[Source "ChessBase"]
[SourceDate "1999.11.16"]
[SourceVersion "1"]
[SourceVersionDate "1999.11.16"]
[SourceQuality "1"]

1. d4 d5 2. Nf3 Nf6 3. c4 e6 4. Nc3 Nbd7 5. e3 c6 6. Bd3 Bd6 7. 0-0 0-0 8. Qc2 dxc4 9. Bxc4 c5 10. Nb5 Be7 11. dxc5 a6 12. Nbd4 Nxc5 13. b4 Ncd7 14. Bxe6 fxe6 15. Nxe6 Qb6 16. Nxf8 Nxf8 17. a3 Bg4 18. Nd4 Rc8 19. Qb3+ Be6 20. Nxe6 Qxe6 21. Qxe6+ Nxe6 22. f4 Ne4 23. f5 Bf6 24. Ra2 Nf8 25. g4 Nd7 26. Bd2 Ne5 27. h3 Nd3 28. Kg2 h6 29. Kf3 Ne5+ 30. Kxe4 1-0

[Event "Wattens op 09th"]
[White "Tomescu, Vlad"]
[Black "Ampferer, Michael"]
[Site "Wattens"]
[Round "1"]
[Result "1-0"]
[Date "1994.??.??"]
[WhiteElo "2355"]
[BlackElo "1785"]
[PlyCount "25"]
[EventDate "1994.??.??"]
[EventType "swiss"]
[EventRounds "9"]
[EventCountry "AUT"]
[SourceTitle "EXT 2000"]
[Source "ChessBase"]
[SourceDate "1999.11.16"]
[SourceVersion "1"]
[SourceVersionDate "1999.11.16"]
[SourceQuality "1"]

1. e4 e5 2. Nc3 Nc6 3. Bc4 Nf6 4. d3 Bc5 5. Bg5 d6 6. Nd5 Bxf2+ 7. Kxf2 Nxe4+ 8. dxe4 Qxg5 9. Nxc7+ Ke7 10. Nf3 Qg6 11. Nxa8 Qxe4 12. Qd3 Qxd3 13. cxd3 1-0